<?xml version="1.0" encoding="UTF-8"?>
<record
    xmlns:xsi="http://www.w3.org/2001/XMLSchema-instance"
    xsi:schemaLocation="http://www.loc.gov/MARC21/slim http://www.loc.gov/standards/marcxml/schema/MARC21slim.xsd"
    xmlns="http://www.loc.gov/MARC21/slim">

  <leader>00922nam a22002657a 4500</leader>
  <controlfield tag="001">997</controlfield>
  <controlfield tag="005">20250213153508.0</controlfield>
  <datafield tag="020" ind1=" " ind2=" ">
    <subfield code="a">9780439114936</subfield>
  </datafield>
  <datafield tag="040" ind1=" " ind2=" ">
    <subfield code="a">FISKH</subfield>
    <subfield code="b">eng</subfield>
    <subfield code="c">FISKH </subfield>
    <subfield code="d">FISKH </subfield>
  </datafield>
  <datafield tag="050" ind1=" " ind2=" ">
    <subfield code="a">PZ7.M26572</subfield>
  </datafield>
  <datafield tag="082" ind1=" " ind2=" ">
    <subfield code="a">523.1</subfield>
  </datafield>
  <datafield tag="100" ind1=" " ind2=" ">
    <subfield code="a">Moore, Eva</subfield>
  </datafield>
  <datafield tag="245" ind1=" " ind2=" ">
    <subfield code="a">Space explorers /</subfield>
    <subfield code="c">illustrations by Ted Enik</subfield>
  </datafield>
  <datafield tag="250" ind1=" " ind2=" ">
    <subfield code="a">This edition first printing, January 2000. </subfield>
  </datafield>
  <datafield tag="260" ind1=" " ind2=" ">
    <subfield code="a">New York : </subfield>
    <subfield code="b">Scholastic, </subfield>
    <subfield code="c">2000.</subfield>
  </datafield>
  <datafield tag="300" ind1=" " ind2=" ">
    <subfield code="a">76 pages : </subfield>
    <subfield code="b">illustrations, </subfield>
    <subfield code="c">20 cm. </subfield>
  </datafield>
  <datafield tag="490" ind1=" " ind2=" ">
    <subfield code="3">The magic school bus science: </subfield>
    <subfield code="a">chapter book,</subfield>
    <subfield code="v">Book 4. </subfield>
  </datafield>
  <datafield tag="505" ind1=" " ind2=" ">
    <subfield code="a">P 
</subfield>
  </datafield>
  <datafield tag="520" ind1=" " ind2=" ">
    <subfield code="a">Carlos and his classmates join Ms. Frizzle on an expedition to outer space where they learn about the solar system.</subfield>
  </datafield>
  <datafield tag="521" ind1=" " ind2=" ">
    <subfield code="a">640
</subfield>
    <subfield code="b">Lexile 
</subfield>
  </datafield>
  <datafield tag="521" ind1=" " ind2=" ">
    <subfield code="a">P 
</subfield>
    <subfield code="b">Raz-Plus 
</subfield>
  </datafield>
  <datafield tag="650" ind1=" " ind2=" ">
    <subfield code="2">Outer Space</subfield>
    <subfield code="a">Explarations</subfield>
    <subfield code="v">astronomy</subfield>
    <subfield code="x">solar system</subfield>
  </datafield>
  <datafield tag="650" ind1=" " ind2=" ">
    <subfield code="2">Outer Space</subfield>
    <subfield code="a">Explarations</subfield>
    <subfield code="v">astronomy</subfield>
    <subfield code="x">solar system</subfield>
  </datafield>
  <datafield tag="942" ind1=" " ind2=" ">
    <subfield code="2">ddc</subfield>
    <subfield code="c">BK</subfield>
    <subfield code="n">0</subfield>
  </datafield>
  <datafield tag="999" ind1=" " ind2=" ">
    <subfield code="c">997</subfield>
    <subfield code="d">997</subfield>
  </datafield>
  <datafield tag="952" ind1=" " ind2=" ">
    <subfield code="0">0</subfield>
    <subfield code="1">0</subfield>
    <subfield code="2">ddc</subfield>
    <subfield code="4">0</subfield>
    <subfield code="7">0</subfield>
    <subfield code="8">NFIC</subfield>
    <subfield code="a">001</subfield>
    <subfield code="b">001</subfield>
    <subfield code="c">TK Yellow</subfield>
    <subfield code="d">2023-07-18</subfield>
    <subfield code="l">1</subfield>
    <subfield code="o">MOO 523.1 PZ7.M26572</subfield>
    <subfield code="p">FISTK01892</subfield>
    <subfield code="r">2023-10-26 08:12:29</subfield>
    <subfield code="s">2023-10-19</subfield>
    <subfield code="t">1</subfield>
    <subfield code="w">2023-07-18</subfield>
    <subfield code="y">BK</subfield>
  </datafield>
  <datafield tag="952" ind1=" " ind2=" ">
    <subfield code="0">0</subfield>
    <subfield code="1">0</subfield>
    <subfield code="2">ddc</subfield>
    <subfield code="4">0</subfield>
    <subfield code="7">0</subfield>
    <subfield code="8">NFIC</subfield>
    <subfield code="a">001</subfield>
    <subfield code="b">001</subfield>
    <subfield code="c">TK Yellow</subfield>
    <subfield code="d">2023-07-18</subfield>
    <subfield code="l">2</subfield>
    <subfield code="o">MOO 523.1 PZ7.M26572</subfield>
    <subfield code="p">FISTK01891</subfield>
    <subfield code="r">2024-01-04 08:15:48</subfield>
    <subfield code="s">2023-12-14</subfield>
    <subfield code="t">2</subfield>
    <subfield code="w">2023-07-18</subfield>
    <subfield code="y">BK</subfield>
  </datafield>
  <datafield tag="952" ind1=" " ind2=" ">
    <subfield code="0">0</subfield>
    <subfield code="1">0</subfield>
    <subfield code="2">ddc</subfield>
    <subfield code="4">0</subfield>
    <subfield code="7">0</subfield>
    <subfield code="8">NFIC</subfield>
    <subfield code="a">001</subfield>
    <subfield code="b">001</subfield>
    <subfield code="c">TTP Yellow </subfield>
    <subfield code="d">2025-02-13</subfield>
    <subfield code="l">0</subfield>
    <subfield code="o">MOO 523.1 PZ7.M26572</subfield>
    <subfield code="p">2025-0546</subfield>
    <subfield code="r">2025-02-13 15:35:02</subfield>
    <subfield code="t">3</subfield>
    <subfield code="w">2025-02-13</subfield>
    <subfield code="y">BK</subfield>
  </datafield>
  <datafield tag="952" ind1=" " ind2=" ">
    <subfield code="0">0</subfield>
    <subfield code="1">0</subfield>
    <subfield code="2">ddc</subfield>
    <subfield code="4">0</subfield>
    <subfield code="7">0</subfield>
    <subfield code="8">NFIC</subfield>
    <subfield code="a">001</subfield>
    <subfield code="b">001</subfield>
    <subfield code="c">TTP Yellow </subfield>
    <subfield code="d">2025-02-13</subfield>
    <subfield code="l">0</subfield>
    <subfield code="o">MOO 523.1 PZ7.M26572</subfield>
    <subfield code="p">2025-0547</subfield>
    <subfield code="r">2025-02-13 15:35:38</subfield>
    <subfield code="t">4</subfield>
    <subfield code="w">2025-02-13</subfield>
    <subfield code="y">BK</subfield>
  </datafield>
  <datafield tag="952" ind1=" " ind2=" ">
    <subfield code="0">0</subfield>
    <subfield code="1">0</subfield>
    <subfield code="2">ddc</subfield>
    <subfield code="4">0</subfield>
    <subfield code="7">0</subfield>
    <subfield code="8">NFIC</subfield>
    <subfield code="a">001</subfield>
    <subfield code="b">001</subfield>
    <subfield code="c">TTP Yellow </subfield>
    <subfield code="d">2025-02-13</subfield>
    <subfield code="l">0</subfield>
    <subfield code="o">MOO 523.1 PZ7.M26572</subfield>
    <subfield code="p">2025-0548</subfield>
    <subfield code="r">2025-02-13 15:36:42</subfield>
    <subfield code="t">5</subfield>
    <subfield code="w">2025-02-13</subfield>
    <subfield code="y">BK</subfield>
  </datafield>
  <datafield tag="952" ind1=" " ind2=" ">
    <subfield code="0">0</subfield>
    <subfield code="1">0</subfield>
    <subfield code="2">ddc</subfield>
    <subfield code="4">0</subfield>
    <subfield code="7">0</subfield>
    <subfield code="8">NFIC</subfield>
    <subfield code="a">001</subfield>
    <subfield code="b">001</subfield>
    <subfield code="c">TTP Yellow </subfield>
    <subfield code="d">2025-02-13</subfield>
    <subfield code="l">1</subfield>
    <subfield code="o">MOO 523.1 PZ7.M26572</subfield>
    <subfield code="p">2025-0549</subfield>
    <subfield code="r">2026-01-21 10:37:39</subfield>
    <subfield code="s">2025-12-11</subfield>
    <subfield code="t">6</subfield>
    <subfield code="w">2025-02-13</subfield>
    <subfield code="y">BK</subfield>
  </datafield>
</record>
